Artistas por la paz (Registro nro. 189888)
[ vista simple ]
| 000 -LEADER | |
|---|---|
| campo de control de longitud fija | 01059nam a2200253 i 4500 |
| 001 - NÚMERO DE CONTROL | |
| campo de control | 189888 |
| 003 - IDENTIFICADOR DE NÚMERO DE CONTROL | |
| campo de control | SpMaBN |
| 005 - FECHA Y HORA DE LA ÚLTIMA TRANSACCIÓN | |
| campo de control | 20230906223600.0 |
| 008 - DATOS DE LONGITUD FIJA--INFORMACIÓN GENERAL | |
| campo de control de longitud fija | 191218s1987 sp ac |||| |dspa d |
| 080 ## - NÚMERO DE LA CLASIFICACIÓN DECIMAL UNIVERSAL | |
| Número de la Clasificación Decimal Universal | 73.036(460)(083.824) |
| 080 ## - NÚMERO DE LA CLASIFICACIÓN DECIMAL UNIVERSAL | |
| Número de la Clasificación Decimal Universal | 75.036(460)(083.824) |
| 245 00 - MENCIÓN DEL TÍTULO | |
| Título | Artistas por la paz |
| Resto del título | : [exposición] / |
| Mención de responsabilidad, etc. | organiza, Movimiento por la Paz, el Desarme y la Libertad ; colaboran, Ministerio de Cultura, Cruz Roja Española, Junta de Castilla y León. |
| 260 ## - PUBLICACIÓN, DISTRIBUCIÓN, ETC. | |
| Lugar de publicación, distribución, etc. | [Valladolid : |
| Nombre del editor, distribuidor, etc. | Junta de Castilla y León, |
| Fecha de publicación, distribución, etc. | 1987] |
| 300 ## - DESCRIPCIÓN FÍSICA | |
| Extensión | [4] h., [116] p. : |
| Otras características físicas | principalmente il. col., retr. ; |
| Dimensiones | 28 cm. |
| 650 #7 - PUNTO DE ACCESO ADICIONAL DE MATERIA--TÉRMINO DE MATERIA | |
| Término de materia o nombre geográfico como elemento de entrada | Pintura española- |
| Subdivisión cronológica | S.XX- |
| Subdivisión de forma | Exposiciones. |
| 9 (RLIN) | 16043 |
| 650 #4 - PUNTO DE ACCESO ADICIONAL DE MATERIA--TÉRMINO DE MATERIA | |
| Término de materia o nombre geográfico como elemento de entrada | Escultura española- |
| Subdivisión cronológica | S.XX- |
| Subdivisión de forma | Exposiciones. |
| 9 (RLIN) | 12438 |
| 650 #4 - PUNTO DE ACCESO ADICIONAL DE MATERIA--TÉRMINO DE MATERIA | |
| Término de materia o nombre geográfico como elemento de entrada | Paz- |
| Subdivisión general | En el arte- |
| Subdivisión de forma | Exposiciones. |
| 9 (RLIN) | 169155 |
| 655 #7 - TERMINO DE INDIZACIÓN--GENERO/FORMA | |
| Fuente del término | tgfbne |
| 9 (RLIN) | 193628 |
| Datos o término principal de género/forma | Catálogos de exposiciones |
| 710 2# - ENTRADA AGREGADA--NOMBRE DE ENTIDAD CORPORATIVA | |
| Nombre de entidad corporativa o nombre de jurisdicción como elemento de entrada | Movimiento por la Paz, el Desarme y la Libertad. |
| 9 (RLIN) | 5787 |
| 710 1# - ENTRADA AGREGADA--NOMBRE DE ENTIDAD CORPORATIVA | |
| Nombre de entidad corporativa o nombre de jurisdicción como elemento de entrada | Castilla y León. |
| Unidad subordinada | Junta. |
| 9 (RLIN) | 2501 |
| 852 ## - LOCALIZACIÓN | |
| Ubicación | ES-MaACL |
| Número de control de estantería | L-32469 |
| 942 ## - ELEMENTOS DE ENTRADA SECUNDARIOS (KOHA) | |
| Fuente del sistema de clasificación o colocación | Clasificación decimal universal |
| Estatus retirado | Estado de pérdida | Estado de daño | No para préstamo | Biblioteca de origen | Biblioteca actual | Ubicación en estantería | Fecha de adquisición | Fuente de adquisición | Total de préstamos | Signatura topográfica completa | Código de barras | Visto por última vez | Precio de reemplazo | Tipo de ítem Koha |
|---|---|---|---|---|---|---|---|---|---|---|---|---|---|---|
| Biblioteca del Ateneo de Madrid | Biblioteca del Ateneo de Madrid | Depósito 2 | 18/12/2019 | L-32469 | 1201422 | 23/02/2023 | 23/02/2023 | Libro impreso |
